Property and Compensation Reports (Record no. 119102)

MARC details
000 -LEADER
fixed length control field 00583cas a22002055a 4500
001 - CONTROL NUMBER
control field L139654
008 - FIXED-LENGTH DATA ELEMENTS--GENERAL INFORMATION
fixed length control field 070802d19681985xxkar p 0 a0eng u
022 1# - INTERNATIONAL STANDARD SERIAL NUMBER
International Standard Serial Number 0033-1295
035 ## - SYSTEM CONTROL NUMBER
System control number (Sirsi) u139654
041 0# - LANGUAGE CODE
Language code of text/sound track or separate title eng
245 00 - TITLE STATEMENT
Title Property and Compensation Reports
260 ## - PUBLICATION, DISTRIBUTION, ETC.
Place of publication, distribution, etc. London
Name of publisher, distributor, etc. Sweet and Maxwell
Date of publication, distribution, etc. 1968-1985
362 0# - DATES OF PUBLICATION AND/OR SEQUENTIAL DESIGNATION
Dates of publication and/or sequential designation 19 1968-50 1985
554 ## -
-- Annual
651 #4 - SUBJECT ADDED ENTRY--GEOGRAPHIC NAME
Geographic name England and Wales
Chronological subdivision 1543-
690 ## - LOCAL SUBJECT ADDED ENTRY--TOPICAL TERM (OCLC, RLIN)
Topical term or geographic name as entry element PROPERTY AND LAND LAW
780 00 - PRECEDING ENTRY
Title Planning and Compensation Reports
785 00 - SUCCEEDING ENTRY
Title Property Planning and Compensation Reports
International Standard Serial Number 0033-1295
942 ## - ADDED ENTRY ELEMENTS (KOHA)
Suppress in OPAC 0
Holdings
Withdrawn status Lost status Source of classification or shelving scheme Damaged status Not for loan Home library Current library Shelving location Date acquired Total Checkouts Full call number Barcode Date last seen Copy number Price effective from Koha item type
    Dewey Decimal Classification     London London Basement 02/08/2007   PROPERTY PLANNING AND COMPENSATION REPS. 139654-1001 06/08/2019 1 06/08/2019 Law report